000 00516nam a2200169Ia 4500
999 _c36112
_d36112
003 OSt
005 20201216120716.0
008 190216s9999||||xx |||||||||||||| ||und||
040 _coclc
082 _a338.954
_bUNI/A
100 _aUniversity, Calicut
_9635
245 0 _aAnnual Report 1989 University Of Calicut /
_cCalicut University
260 _bUniversity Of Calicut,
_aCalicut:
_c1989.
300 _a195p
650 _aReferences
942 _cREF
_2ddc
_h338.954
_iUNI/A
_k338.954
_mUNI/A